Böhm és a német idealizmus
Elmentve itt :
| Szerző: | |
|---|---|
| Adatforrás: | Philobibl |
| Dokumentumtípus: | Könyv |
| Nyelv: | magyar |
| Kulcsszavak: | klasszikus német filozófia |
| Megjelent: |
Debrecen
Beke ny.
1938
|
| Sorozat: | Theológiai tanulmányok 55.
|
| LEADER | 00429nam a2200145 c 4500 | ||
|---|---|---|---|
| 001 | bibDOK00006257 | ||
| 005 | 20200924120223.2 | ||
| 008 | 060518s1938 hu hun | ||
| 100 | 1 | |a Horkay László | |
| 245 | 1 | 0 | |a Böhm és a német idealizmus |c Horkay László |
| 260 | |a Debrecen |b Beke ny. |c 1938 | ||
| 300 | |a 128 p. | ||
| 490 | 1 | |a Theológiai tanulmányok 55. | |
| 695 | |a klasszikus német filozófia | ||
| 830 | 0 | |a Theológiai tanulmányok 55. | |